000 00469nam a2200169Ia 4500
999 _c32094
_d32094
003 OSt
005 20200728101423.0
008 190216s9999||||xx |||||||||||||| ||und||
040 _coclc
082 _a510
_bRAO/M
100 _a Rao, Jagon Mohan
_93803
245 0 _aMathematics Quizmaster /
_cJagon Mohan Rao
260 _bNeel Kamal,
_aHyderbad:
_c2004.
300 _a204p
650 _aMathematics
942 _cBK
_2ddc
_h510
_iRAO/M
_k510
_mRAO/M